000 00327 a2200157 4500
001 57537
020 _a9788508107131
040 _cAnchieta - Pituba
100 _aSabino, Fernando
240 1 0 _aMartini seco
_lpor
245 1 0 _aMartini seco
300 _a88
362 0 _a2008
650 4 _aLiteratura juvenil
942 _cBK
999 _c57537
_d57537